000 00416nam a2200157Ia 4500
008 160316s2006 xxu||||| |||| 00| 0 eng d
082 _a346.043600
_bMUL-2
100 _aMulla D F
245 _aThe transfer of property act 1882
250 _a10th
260 _aNew Delhi
_bButterworths
_c2006
300 _a1405p
_b
_clix
365 _bRs.1,350
650 _a1.Transfer of Property Act - Commentary
700 _a
_a
999 _c23191
_d23191